[Event "FIN-chT1 East 1314"]
[Site "Finland"]
[Date "2013.09.21"]
[Round "1.2"]
[White "Lehtinen, Antti"]
[Black "Varpanen, Jan"]
[Result "0-1"]
[WhiteElo "2193"]
[BlackElo "1865"]
[PlyCount "90"]
[EventDate "2013.09.21"]
[EventType "team-tourn"]
[EventRounds "9"]
[EventCountry "FIN"]
[SourceTitle "EXT 2022"]
[Source "ChessBase"]
[SourceDate "2021.10.06"]
[SourceVersion "1"]
[SourceVersionDate "2021.10.06"]
[SourceQuality "1"]
[WhiteTeam "Tampere Tammer II"]
[BlackTeam "Helsinki HSK II"]
[WhiteTeamCountry "FIN"]
[BlackTeamCountry "FIN"]

1. e4 g6 2. Nc3 Bg7 3. d4 d6 4. Be3 a6 5. Qd2 Nd7 6. f3 b5 7. h4 h5 8. Nh3 Bb7 9. Ng5 Rc8 10. a4 c6 11. Be2 Ngf6 12. 0-0 b4 13. Nd1 a5 14. Nf2 0-0 15. f4 c5 16. e5 cxd4 17. Qxd4 Nd5 18. Nd3 Rxc2 19. Bf3 Nxe3 20. Qxe3 Bxf3 21. Rxf3 Qb6 22. Qxb6 Nxb6 23. b3 Rc3 24. Rb1 d5 25. Nh3 e6 26. Nhf2 Rfc8 27. g4 hxg4 28. Nxg4 Nd7 29. Kf2 f5 30. Nh2 Rc2+ 31. Kg1 Bf8 32. Rg3 Kf7 33. Nf3 Be7 34. Nd4 Rd2 35. Nb5 Rcc2 36. Rh3 Nc5 37. Nxc5 Bxc5+ 38. Kh1 Rf2 39. h5 gxh5 40. Rxh5 Rxf4 41. Rh7+ Kg6 42. Rh8 Re4 43. Nd6 Rxe5 44. Rg8+ Kh7 45. Nf7 Ree2 0-1

[Event "FIN-chT 0405"]
[Site "Finland"]
[Date "2004.09.19"]
[Round "2.6"]
[White "Lehtinen, Antti"]
[Black "Kanko, Ilkka"]
[Result "1/2-1/2"]
[WhiteElo "2182"]
[BlackElo "2268"]
[PlyCount "33"]
[EventDate "2004.09.18"]
[EventType "team-tourn"]
[EventRounds "9"]
[EventCountry "FIN"]
[SourceTitle "EXT 2022"]
[Source "ChessBase"]
[SourceDate "2021.10.06"]
[SourceVersion "1"]
[SourceVersionDate "2021.10.06"]
[SourceQuality "1"]
[WhiteTeam "Tampere SY"]
[BlackTeam "Helsinki HSK"]
[WhiteTeamCountry "FIN"]
[BlackTeamCountry "FIN"]

1. e4 c5 2. Nc3 Nc6 3. Nge2 e6 4. d4 cxd4 5. Nxd4 Qc7 6. Be2 a6 7. 0-0 Nf6 8. Be3 Be7 9. f4 d6 10. Bf3 0-0 11. Kh1 Nxd4 12. Bxd4 e5 13. Be3 exf4 14. Bxf4 Be6 15. Qd2 Nd7 16. Rad1 Ne5 17. Nd5 1/2-1/2

[Event "Helsinki We HSL 4th"]
[Site "Helsinki"]
[Date "2004.??.??"]
[Round "4"]
[White "Luukkonen, Tommi"]
[Black "Lehtinen, Antti"]
[Result "1-0"]
[WhiteElo "2154"]
[BlackElo "2156"]
[PlyCount "71"]
[EventDate "2004.??.??"]
[EventType "swiss"]
[EventRounds "7"]
[EventCountry "FIN"]
[SourceTitle "EXT 2022"]
[Source "ChessBase"]
[SourceDate "2021.10.06"]
[SourceVersion "1"]
[SourceVersionDate "2021.10.06"]
[SourceQuality "1"]

1. e4 c5 2. Nf3 d6 3. d4 cxd4 4. Nxd4 Nf6 5. Nc3 Nc6 6. Bg5 e6 7. Qd2 a6 8. 0-0-0 h6 9. Be3 Bd7 10. f4 Be7 11. Be2 b5 12. Bf3 Rc8 13. g4 Nxd4 14. Qxd4 e5 15. fxe5 Nxg4 16. Bxg4 Bxg4 17. exd6 Bf6 18. e5 Rc4 19. Qd5 Bg5 20. Bxg5 Qxg5+ 21. Kb1 0-0 22. Rhg1 Qe3 23. Rg3 Qf2 24. Rdg1 Rd4 25. Qg2 Qxg2 26. R1xg2 h5 27. a3 g6 28. Rd3 Rxd3 29. cxd3 Bf5 30. Ne4 Kg7 31. Nc5 Re8 32. Re2 g5 33. Ka2 a5 34. d4 Bg4 35. Re3 f6 36. e6 1-0

[Event "Helsinki We HSL 4th"]
[Site "Helsinki"]
[Date "2004.??.??"]
[Round "3"]
[White "Nouro, Mikael"]
[Black "Lehtinen, Antti"]
[Result "1-0"]
[WhiteElo "2337"]
[BlackElo "2156"]
[PlyCount "83"]
[EventDate "2004.??.??"]
[EventType "swiss"]
[EventRounds "7"]
[EventCountry "FIN"]
[SourceTitle "EXT 2022"]
[Source "ChessBase"]
[SourceDate "2021.10.06"]
[SourceVersion "1"]
[SourceVersionDate "2021.10.06"]
[SourceQuality "1"]

1. e4 c5 2. Nf3 d6 3. d4 cxd4 4. Nxd4 Nf6 5. Nc3 Nc6 6. Bc4 Bd7 7. Be3 g6 8. f3 Bg7 9. Qd2 0-0 10. 0-0-0 Ne5 11. Bb3 Rc8 12. h4 h5 13. Bh6 Bxh6 14. Qxh6 Rxc3 15. bxc3 Qc7 16. Kb1 a5 17. f4 Nfg4 18. Qg5 a4 19. fxe5 axb3 20. cxb3 Nxe5 21. Qe3 Ng4 22. Qd2 Nf6 23. Rhe1 Rc8 24. Kb2 Bg4 25. Nf3 Nd7 26. Re3 Ra8 27. Rf1 Qa5 28. Kb1 Nc5 29. Qb2 Qa6 30. c4 b5 31. cxb5 Qxb5 32. Rfe1 d5 33. exd5 Bf5+ 34. Ka1 Nd3 35. Nd4 Qxd5 36. Nxf5 Qxf5 37. Rf3 Qa5 38. b4 Qd5 39. Rd1 Rxa2+ 40. Qxa2 Qd4+ 41. Kb1 Qxb4+ 42. Kc2 1-0

[Event "Tampere op2"]
[Site "Tampere"]
[Date "2003.??.??"]
[Round "1"]
[White "Kiik, Kalle"]
[Black "Lehtinen, Antti"]
[Result "1/2-1/2"]
[WhiteElo "2445"]
[BlackElo "2156"]
[PlyCount "85"]
[EventDate "2003.??.??"]
[EventType "swiss"]
[EventRounds "5"]
[EventCountry "FIN"]
[SourceTitle "EXT 2005"]
[Source "ChessBase"]
[SourceDate "2004.11.15"]
[SourceVersion "1"]
[SourceVersionDate "2004.11.15"]
[SourceQuality "1"]

1. e4 c5 2. c3 d5 3. exd5 Qxd5 4. d4 Nf6 5. Nf3 Nc6 6. Be2 e6 7. 0-0 Be7 8. c4 Qd8 9. dxc5 Qxd1 10. Rxd1 Ne4 11. Be3 e5 12. Nfd2 Nxc5 13. Nc3 Ne6 14. Nb3 0-0 15. Nd5 Bd8 16. Rac1 f5 17. f3 g5 18. a3 Nf4 19. Bf1 b6 20. g3 Ne6 21. Bg2 f4 22. Bf2 h5 23. gxf4 Nxf4 24. Nxf4 exf4 25. c5 Be6 26. Nd2 Ne5 27. Ne4 g4 28. Rd6 Kf7 29. fxg4 f3 30. Bg3 fxg2 31. Bxe5 Be7 32. Rd2 Bxg4 33. Bd6 bxc5 34. Rxg2 Bxd6 35. Nxd6+ Ke7 36. Ne4 Rab8 37. Rxc5 Rf4 38. Re5+ Kf7 39. Rc2 Rg8 40. Rc7+ Kf8 41. Ng3 Bh3 42. Re1 h4 43. Rxa7 1/2-1/2

[Event "Tampere op2"]
[Site "Tampere"]
[Date "2003.??.??"]
[Round "5"]
[White "Lehtinen, Heikki"]
[Black "Lehtinen, Antti"]
[Result "0-1"]
[WhiteElo "2357"]
[BlackElo "2156"]
[PlyCount "53"]
[EventDate "2003.??.??"]
[EventType "swiss"]
[EventRounds "5"]
[EventCountry "FIN"]
[SourceTitle "EXT 2005"]
[Source "ChessBase"]
[SourceDate "2004.11.15"]
[SourceVersion "1"]
[SourceVersionDate "2004.11.15"]
[SourceQuality "1"]

1. c4 c6 2. g3 d5 3. Bg2 e5 4. cxd5 cxd5 5. Nf3 Nc6 6. 0-0 Nf6 7. d3 Be7 8. Nc3 0-0 9. Bd2 d4 10. Nb5 h6 11. Na3 Be6 12. Nc4 Nd7 13. Rc1 Rc8 14. a4 f5 15. b4 e4 16. Ne1 Nxb4 17. Bxb4 Bxb4 18. Qb3 a5 19. Qb2 Nc5 20. Nc2 Bc3 21. Qb5 exd3 22. exd3 Nxd3 23. Nb6 Nxc1 24. Nxc8 d3 25. Rxc1 dxc2 26. Qe2 Bxc8 27. Qc4+ 0-1

[Event "FIN-chT1C 0102"]
[Site "Finland"]
[Date "2002.??.??"]
[Round "6.1"]
[White "Hermlin, Aarne"]
[Black "Lehtinen, Antti"]
[Result "1-0"]
[WhiteElo "2272"]
[BlackElo "2152"]
[PlyCount "58"]
[EventDate "2001.10.??"]
[EventType "team-tourn"]
[EventRounds "7"]
[EventCountry "FIN"]
[SourceTitle "EXT 2022"]
[Source "ChessBase"]
[SourceDate "2021.10.06"]
[SourceVersion "1"]
[SourceVersionDate "2021.10.06"]
[SourceQuality "1"]
[WhiteTeam "Vammala SK"]
[BlackTeam "Tampere Taraus III"]
[WhiteTeamCountry "FIN"]
[BlackTeamCountry "FIN"]

1. e4 c5 2. Nf3 d6 3. d4 cxd4 4. Nxd4 Nf6 5. Nc3 Nc6 6. Bc4 Bd7 7. 0-0 g6 8. Nxc6 Bxc6 9. Nd5 e6 10. Nxf6+ Qxf6 11. Re1 Rd8 12. Be3 Bg7 13. c3 a6 14. Qd2 Rd7 15. Bd4 e5 16. Bb6 0-0 17. Bd5 Kh8 18. Rad1 Bxd5 19. Qxd5 Qe7 20. c4 f5 21. b4 g5 22. c5 Rf6 23. exf5 Rxf5 24. cxd6 Qf6 25. Qc4 Bf8 26. Qc8 Qg7 27. Bd8 Rdf7 28. Be7 Rxf2 29. d7 e4 1-0

[Event "Tampere We TaSY op"]
[Site "Tampere"]
[Date "2001.??.??"]
[Round "4"]
[White "Lehtinen, Antti"]
[Black "Verkasalo, Tommi"]
[Result "0-1"]
[WhiteElo "2154"]
[BlackElo "2046"]
[PlyCount "58"]
[EventDate "2001.??.??"]
[EventType "swiss"]
[EventRounds "5"]
[EventCountry "FIN"]
[SourceTitle "EXT 2005"]
[Source "ChessBase"]
[SourceDate "2004.11.15"]
[SourceVersion "1"]
[SourceVersionDate "2004.11.15"]
[SourceQuality "1"]

1. e4 c5 2. Nc3 Nc6 3. Nge2 g6 4. d4 cxd4 5. Nxd4 Bg7 6. Be3 Nf6 7. Bc4 0-0 8. Bb3 d6 9. f3 Bd7 10. Qd2 Qa5 11. 0-0-0 Rfc8 12. Kb1 Ne5 13. g4 b5 14. h4 Nc4 15. Bxc4 bxc4 16. Ka1 Rab8 17. Rb1 Rb6 18. Nde2 Ra6 19. Nc1 Rb8 20. Bd4 e5 21. Be3 Be6 22. g5 Nd7 23. h5 Rb4 24. a3 Nb6 25. N1a2 d5 26. axb4 Qxb4 27. h6 Bf8 28. Bxb6 axb6 29. b3 Rxa2+ 0-1

[Event "Tampere op7"]
[Site "Tampere"]
[Date "2000.??.??"]
[Round "2"]
[White "Keskinen, Sauli"]
[Black "Lehtinen, Antti"]
[Result "1-0"]
[WhiteElo "2235"]
[BlackElo "2169"]
[PlyCount "43"]
[EventDate "2000.??.??"]
[EventType "swiss"]
[EventRounds "5"]
[EventCountry "FIN"]
[SourceTitle "EXT 2002"]
[Source "ChessBase"]
[SourceDate "2001.11.25"]
[SourceVersion "1"]
[SourceVersionDate "2001.11.25"]
[SourceQuality "1"]

1. e4 c5 2. Nc3 Nc6 3. g3 g6 4. Bg2 Bg7 5. d3 e6 6. f4 Nge7 7. Be3 d6 8. Nf3 Nd4 9. 0-0 0-0 10. e5 Nef5 11. Bf2 dxe5 12. fxe5 Nxf3+ 13. Qxf3 Nd4 14. Qd1 Bxe5 15. Ne4 c4 16. c3 Nf5 17. dxc4 Qc7 18. Qf3 Bd7 19. Rae1 Bg7 20. g4 Bc6 21. gxf5 exf5 22. Qg3 1-0

[Event "Tampere op4"]
[Site "Tampere"]
[Date "2000.??.??"]
[Round "5"]
[White "Lehtinen, Antti"]
[Black "Kytoniemi, Jyrki"]
[Result "0-1"]
[WhiteElo "2169"]
[BlackElo "2289"]
[PlyCount "116"]
[EventDate "2000.??.??"]
[EventType "swiss"]
[EventRounds "5"]
[EventCountry "FIN"]
[SourceTitle "EXT 2001"]
[Source "ChessBase"]
[SourceDate "2000.11.22"]
[SourceVersion "1"]
[SourceVersionDate "2000.11.22"]
[SourceQuality "1"]

1. e4 e6 2. d4 d5 3. e5 c5 4. c3 Nc6 5. Nf3 cxd4 6. cxd4 Nge7 7. Nc3 Nf5 8. g4 Nh4 9. Nxh4 Qxh4 10. Be3 Qd8 11. Be2 Bd7 12. 0-0 h5 13. g5 g6 14. Rc1 a6 15. f4 Ne7 16. Bd3 b5 17. b4 Nc6 18. a3 Be7 19. h4 Na7 20. Qc2 Rg8 21. Qe2 Bc6 22. Rc2 Nc8 23. Na2 Bd7 24. Nc1 Nb6 25. Nb3 Nc4 26. Bc1 Bc8 27. Qf3 Rb8 28. Kh2 Qb6 29. f5 exf5 30. Re2 Be6 31. Rc2 Rd8 32. Rff2 Kf8 33. Qf4 Kg7 34. Be2 Rh8 35. Rf3 Rb8 36. Rfc3 Rb7 37. Qf2 Ra8 38. Qg2 Kf8 39. Rg3 Ke8 40. Qf2 Rba7 41. Qf4 Bf8 42. Qf2 Be7 43. Qf4 Bd8 44. Qf2 Qc6 45. Qf4 a5 46. Bd2 axb4 47. Bxb4 Be7 48. Nc5 Kd8 49. Qc1 Rc8 50. Rgc3 Qa8 51. Kg1 Ke8 52. Kf2 Rac7 53. Ra2 Qa7 54. Kg2 Bxc5 55. Bxc5 Rxc5 56. dxc5 Qxc5 57. Rb3 d4 58. Bxc4 bxc4 0-1

[Event "FIN-chT1C 9900"]
[Site "Finland"]
[Date "2000.??.??"]
[Round "7.1"]
[White "Lehtinen, Antti"]
[Black "Parkkinen, Jyrki"]
[Result "1-0"]
[WhiteElo "2169"]
[BlackElo "2121"]
[PlyCount "55"]
[EventDate "1999.??.??"]
[EventType "team-tourn"]
[EventRounds "7"]
[EventCountry "FIN"]
[SourceTitle "EXT 2001"]
[Source "ChessBase"]
[SourceDate "2000.11.22"]
[SourceVersion "1"]
[SourceVersionDate "2000.11.22"]
[SourceQuality "1"]
[WhiteTeam "Tampere Taraus II"]
[BlackTeam "Oulu OSS"]
[WhiteTeamCountry "FIN"]
[BlackTeamCountry "FIN"]

1. e4 e6 2. d4 d5 3. e5 Bd7 4. Bd3 a6 5. c3 c5 6. Nf3 b5 7. 0-0 Nc6 8. Re1 b4 9. Ng5 g6 10. Qf3 Qe7 11. dxc5 h6 12. Nh3 Bg7 13. Qg3 Qxc5 14. Be3 Qa5 15. Bd4 Nge7 16. Nd2 Nxd4 17. cxd4 Qb6 18. Nb3 Bf8 19. Rac1 Bb5 20. Nf4 Nf5 21. Bxf5 gxf5 22. Nc5 Ra7 23. Ncxe6 fxe6 24. Qg6+ Rf7 25. Nxd5 Qb7 26. Rc7 Qxd5 27. Qxf7+ Kd8 28. Rec1 1-0

[Event "Tampere We HervS I"]
[Site "Tampere"]
[Date "1999.??.??"]
[Round "5"]
[White "Houtsonen, Pedri"]
[Black "Lehtinen, Antti"]
[Result "1-0"]
[WhiteElo "2146"]
[BlackElo "2155"]
[PlyCount "49"]
[EventDate "1999.??.??"]
[EventType "swiss"]
[EventRounds "5"]
[EventCountry "FIN"]
[SourceTitle "EXT 2000"]
[Source "ChessBase"]
[SourceDate "1999.11.16"]
[SourceVersion "1"]
[SourceVersionDate "1999.11.16"]
[SourceQuality "1"]

1. e4 c5 2. Nf3 d6 3. d4 cxd4 4. Nxd4 Nf6 5. Nc3 Nc6 6. f4 e6 7. Be2 Be7 8. Be3 0-0 9. 0-0 a6 10. a4 Qc7 11. Kh1 Re8 12. Bf3 Rb8 13. Qe1 Bf8 14. Qf2 Bd7 15. g4 e5 16. Nf5 exf4 17. Bb6 Qc8 18. g5 Nxe4 19. Nh6+ gxh6 20. Nxe4 hxg5 21. Rg1 Ne5 22. Rxg5+ Bg7 23. Rag1 Nxf3 24. Rxg7+ Kh8 25. Qxf3 1-0

[Event "FIN-chT 9899"]
[Site "Finland"]
[Date "1999.??.??"]
[Round "7"]
[White "Lehtinen, Antti"]
[Black "Fieandt, John"]
[Result "1/2-1/2"]
[WhiteElo "2160"]
[BlackElo "2195"]
[PlyCount "74"]
[EventDate "1998.??.??"]
[EventType "team-tourn"]
[EventRounds "9"]
[EventCountry "FIN"]
[SourceTitle "EXT 2000"]
[Source "ChessBase"]
[SourceDate "1999.11.16"]
[SourceVersion "1"]
[SourceVersionDate "1999.11.16"]
[SourceQuality "1"]
[WhiteTeam "Tampere Taraus"]
[BlackTeam "Helsinki HSK"]
[WhiteTeamCountry "FIN"]
[BlackTeamCountry "FIN"]

1. e4 c5 2. Nc3 Nc6 3. Nge2 d6 4. d4 cxd4 5. Nxd4 Nf6 6. Bg5 e6 7. Qd2 a6 8. 0-0-0 Be7 9. f4 Nxd4 10. Qxd4 b5 11. Bxf6 gxf6 12. f5 Qc7 13. Be2 Qc5 14. fxe6 fxe6 15. Qxc5 dxc5 16. Bh5+ Kf8 17. e5 f5 18. g4 f4 19. Ne4 Kg7 20. Nd6 Rf8 21. Nxc8 Rfxc8 22. Rd7 Kf8 23. Rf1 Bg5 24. Rxh7 f3+ 25. Kb1 Kg8 26. Rf7 Rf8 27. R1xf3 Rfd8 28. a4 Rd1+ 29. Ka2 Rd4 30. Ra3 bxa4 31. Rc7 Rf8 32. Rxc5 Be7 33. Rc6 Bxa3 34. Kxa3 Rf1 35. c4 Re1 36. Kxa4 Rxe5 37. h4 a5 1/2-1/2

[Event "Tampere op3"]
[Site "Tampere"]
[Date "1999.??.??"]
[Round "4"]
[White "Lehtinen, Antti"]
[Black "Kallio, Heikki"]
[Result "0-1"]
[WhiteElo "2155"]
[BlackElo "2352"]
[PlyCount "100"]
[EventDate "1999.??.??"]
[EventType "swiss"]
[EventRounds "5"]
[EventCountry "FIN"]
[SourceTitle "EXT 2000"]
[Source "ChessBase"]
[SourceDate "1999.11.16"]
[SourceVersion "1"]
[SourceVersionDate "1999.11.16"]
[SourceQuality "1"]

1. e4 c5 2. Nf3 e6 3. d4 cxd4 4. Nxd4 Nf6 5. Nc3 d6 6. Be2 a6 7. 0-0 b5 8. Bf3 e5 9. Nf5 Bb7 10. Bg5 h6 11. Bxf6 Qxf6 12. a4 bxa4 13. Rxa4 Nc6 14. Nd5 Qd8 15. c3 h5 16. Qb3 Rb8 17. Rd1 g6 18. Nfe3 Be7 19. Qa3 Na7 20. Be2 Nb5 21. Bxb5+ axb5 22. Ra7 Bg5 23. Qb4 0-0 24. Ra5 Bc6 25. Ra6 Qd7 26. Nf6+ Bxf6 27. Rxd6 Be7 28. Rxd7 Bxb4 29. Rxc6 Ba5 30. g4 h4 31. Kg2 Bd8 32. Nd5 Bg5 33. Ra6 Kg7 34. Raa7 Bf4 35. h3 Bc1 36. b3 Bb2 37. Rdb7 b4 38. cxb4 Bd4 39. Rxb8 Rxb8 40. Ra2 Kh6 41. Rd2 Ra8 42. Rd3 Ra7 43. Rf3 Kg5 44. b5 Rb7 45. b4 Rxb5 46. Rxf7 Rb8 47. Rc7 Ra8 48. Rc2 Ra3 49. Rd2 Rb3 50. f4+ Kh6 0-1

[Event "FIN-chT 9899"]
[Site "Finland"]
[Date "1999.??.??"]
[Round "9"]
[White "Lehtinen, Antti"]
[Black "Luukkonen, Tommi"]
[Result "0-1"]
[WhiteElo "2160"]
[BlackElo "2160"]
[PlyCount "150"]
[EventDate "1998.??.??"]
[EventType "team-tourn"]
[EventRounds "9"]
[EventCountry "FIN"]
[SourceTitle "EXT 2000"]
[Source "ChessBase"]
[SourceDate "1999.11.16"]
[SourceVersion "1"]
[SourceVersionDate "1999.11.16"]
[SourceQuality "1"]
[WhiteTeam "Tampere Taraus"]
[BlackTeam "Jyvaskyla JyS"]
[WhiteTeamCountry "FIN"]
[BlackTeamCountry "FIN"]

1. e4 e5 2. Nf3 Nc6 3. Nc3 Nf6 4. g3 Bc5 5. Bg2 0-0 6. Nxe5 Nxe5 7. d4 Bxd4 8. Qxd4 d6 9. 0-0 Bh3 10. Bg5 h6 11. Bf4 Bxg2 12. Kxg2 Re8 13. Rad1 Qe7 14. Rfe1 Qe6 15. h3 Re7 16. Re2 Nc6 17. Qd3 a6 18. a3 Rae8 19. Rde1 Ne5 20. Qd1 Qc4 21. Bc1 a5 22. Qd2 a4 23. f4 Nc6 24. Qd3 Qxd3 25. cxd3 Nd4 26. Rf2 Ra8 27. Be3 Nb3 28. Kf3 c6 29. d4 b5 30. Rc2 Rae8 31. e5 Nd7 32. Ne4 dxe5 33. dxe5 Nxe5+ 34. fxe5 Rxe5 35. Nd6 Rxe3+ 36. Rxe3 Nd4+ 37. Kf2 Rxe3 38. Rd2 Rf3+ 39. Kg2 Nb3 40. Rc2 Rd3 41. Rxc6 Rd2+ 42. Kg1 Nd4 43. Rc8+ Kh7 44. Nxf7 Rxb2 45. h4 Kg6 46. Ne5+ Kf5 47. Re8 Re2 48. g4+ Kf4 49. Nd3+ Kxg4 50. Rg8 Re7 51. Rf8 Nf3+ 52. Kf2 Nxh4 53. Rf4+ Kg5 54. Rb4 Rf7+ 55. Ke3 Nf5+ 56. Kf3 Nd6+ 57. Kg3 Rc7 58. Ne5 Rc3+ 59. Nf3+ Kf5 60. Kf2 Rxa3 61. Nd4+ Kf6 62. Ne2 Rb3 63. Rf4+ Ke5 64. Rf8 a3 65. Nc1 Rb2+ 66. Kf3 Rc2 67. Nd3+ Kd4 68. Nb4 Rc3+ 69. Ke2 Rb3 70. Nc2+ Kc3 71. Ne3 Rb2+ 72. Kf3 Rd2 73. Ra8 b4 74. Nf1 Rb2 75. Ra6 Nc4 0-1

[Event "Tampere We HervS I"]
[Site "Tampere"]
[Date "1999.??.??"]
[Round "4"]
[White "Lehtinen, Antti"]
[Black "Mertanen, Janne"]
[Result "0-1"]
[WhiteElo "2155"]
[BlackElo "2165"]
[PlyCount "36"]
[EventDate "1999.??.??"]
[EventType "swiss"]
[EventRounds "5"]
[EventCountry "FIN"]
[SourceTitle "EXT 2000"]
[Source "ChessBase"]
[SourceDate "1999.11.16"]
[SourceVersion "1"]
[SourceVersionDate "1999.11.16"]
[SourceQuality "1"]

1. e4 c5 2. Nf3 d6 3. d4 cxd4 4. Nxd4 Nf6 5. Nc3 a6 6. Be2 e5 7. Nb3 Be7 8. g4 h6 9. Be3 Be6 10. 0-0 h5 11. h3 hxg4 12. hxg4 d5 13. exd5 Nxd5 14. Nxd5 Bxd5 15. Bf3 e4 16. Bg2 Qd6 17. f4 exf3 18. Rxf3 Qh2+ 0-1

[Event "Tampere op"]
[Site "Tampere"]
[Date "1999.??.??"]
[Round "9"]
[White "Lehtinen, Antti"]
[Black "Tuominen, Tanja"]
[Result "1-0"]
[WhiteElo "2155"]
[BlackElo "2003"]
[PlyCount "95"]
[EventDate "1999.??.??"]
[EventType "swiss"]
[EventRounds "5"]
[EventCountry "FIN"]
[SourceTitle "EXT 2000"]
[Source "ChessBase"]
[SourceDate "1999.11.16"]
[SourceVersion "1"]
[SourceVersionDate "1999.11.16"]
[SourceQuality "1"]

1. c4 c6 2. e4 e5 3. Nf3 Qa5 4. g3 Nf6 5. Qe2 Be7 6. Bg2 0-0 7. 0-0 Re8 8. d4 d6 9. Nc3 Bg4 10. Be3 Nxe4 11. Nxe4 d5 12. Bd2 Qd8 13. cxd5 cxd5 14. Qb5 Bxf3 15. Bxf3 dxe4 16. Bxe4 Nd7 17. Ba5 Nb6 18. dxe5 Qd4 19. Qe2 Bc5 20. Bc3 Qd7 21. Rad1 Qe7 22. a3 Na4 23. Bxh7+ Kf8 24. Bd4 g6 25. Qc4 Bxd4 26. Qxd4 Nc5 27. e6 Qxe6 28. Rde1 Ne4 29. f3 Qb6 30. Qxb6 axb6 31. fxe4 Kg7 32. e5 Re7 33. Bxg6 fxg6 34. Rf6 Rd8 35. Rxb6 Rd3 36. Rf1 Rxe5 37. Rxb7+ Kh6 38. Rf2 Rd1+ 39. Kg2 Ree1 40. a4 Rg1+ 41. Kh3 Rd4 42. a5 Kh5 43. Rh7+ Kg5 44. a6 Rd8 45. a7 Rf8 46. Rh5+ Kxh5 47. Rxf8 g5 48. Rh8+ 1-0

[Event "Tampere op5"]
[Site "Tampere"]
[Date "1999.??.??"]
[Round "1"]
[White "Linqvist, Grels"]
[Black "Lehtinen, Antti"]
[Result "0-1"]
[WhiteElo "2150"]
[BlackElo "2155"]
[PlyCount "78"]
[EventDate "1999.??.??"]
[EventType "swiss"]
[EventRounds "5"]
[EventCountry "FIN"]
[SourceTitle "EXT 2002"]
[Source "ChessBase"]
[SourceDate "2001.11.25"]
[SourceVersion "1"]
[SourceVersionDate "2001.11.25"]
[SourceQuality "1"]

1. c4 e6 2. Nc3 d5 3. d4 c6 4. Nf3 dxc4 5. a4 Bb4 6. g3 c5 7. dxc5 Qxd1+ 8. Kxd1 Nf6 9. Bd2 Nc6 10. Nb5 0-0 11. Bxb4 Nxb4 12. Rc1 Rd8+ 13. Ke1 a6 14. Nc3 Bd7 15. Ne5 Rac8 16. Bg2 Rxc5 17. f4 Nc6 18. Nxd7 Rxd7 19. Bxc6 Rxc6 20. e4 Kf8 21. Ke2 Rcd6 22. Rhd1 Rxd1 23. Rxd1 Rxd1 24. Kxd1 Ke7 25. Ke2 Kd7 26. Ke3 Kc6 27. Kd4 b5 28. axb5+ axb5 29. Ne2 Ng4 30. h3 Nf2 31. h4 Nd1 32. b3 cxb3 33. Kd3 Kc5 34. Kd2 b2 35. Kc2 Kb4 36. Nd4 Ka3 37. Nf3 Ka2 38. Nd2 Ne3+ 39. Kd3 Nf1 0-1

[Event "Tampere op"]
[Site "Tampere"]
[Date "1999.??.??"]
[Round "8"]
[White "Nyysti, Sampsa"]
[Black "Lehtinen, Antti"]
[Result "0-1"]
[WhiteElo "2178"]
[BlackElo "2155"]
[PlyCount "61"]
[EventDate "1999.??.??"]
[EventType "swiss"]
[EventRounds "5"]
[EventCountry "FIN"]
[SourceTitle "EXT 2000"]
[Source "ChessBase"]
[SourceDate "1999.11.16"]
[SourceVersion "1"]
[SourceVersionDate "1999.11.16"]
[SourceQuality "1"]

1. e4 c6 2. d4 d5 3. e5 Bf5 4. Nf3 e6 5. a3 Nd7 6. Nbd2 Ne7 7. Nh4 Bg6 8. Nxg6 hxg6 9. Nf3 c5 10. dxc5 Nc6 11. b4 Ncxe5 12. Nxe5 Nxe5 13. Bb2 Qc7 14. Bb5+ Nc6 15. Qf3 a6 16. Ba4 0-0-0 17. Bxc6 bxc6 18. Qe2 Kb7 19. Be5 Qd7 20. 0-0 Rh4 21. Bg3 Rc4 22. a4 f5 23. Qd2 Qf7 24. b5 Bxc5 25. Qa5 Ra8 26. bxa6+ Rxa6 27. Qd8 f4 28. Rab1+ Rb4 29. a5 fxg3 30. Rxb4+ Bxb4 31. fxg3 0-1

[Event "FIN-chT1C 9900"]
[Site "Finland"]
[Date "1999.??.??"]
[Round "4"]
[White "Soppela, Jouni"]
[Black "Lehtinen, Antti"]
[Result "1/2-1/2"]
[WhiteElo "2174"]
[BlackElo "2169"]
[PlyCount "112"]
[EventDate "1999.??.??"]
[EventType "team-tourn"]
[EventRounds "7"]
[EventCountry "FIN"]
[SourceTitle "EXT 2001"]
[Source "ChessBase"]
[SourceDate "2000.11.22"]
[SourceVersion "1"]
[SourceVersionDate "2000.11.22"]
[SourceQuality "1"]
[WhiteTeam "Laukaa SK"]
[BlackTeam "Tampere Taraus II"]
[WhiteTeamCountry "FIN"]
[BlackTeamCountry "FIN"]

1. Nf3 d5 2. e4 dxe4 3. Ng5 Nf6 4. Bc4 e6 5. Nc3 Qd4 6. Qe2 Bd7 7. Ncxe4 Nxe4 8. Nxe4 Bc6 9. d3 Nd7 10. c3 Qe5 11. f4 Qf5 12. g4 Qa5 13. b4 Qa4 14. 0-0 Bxe4 15. dxe4 a6 16. Bd2 Be7 17. Rfd1 0-0 18. Be1 c5 19. Bb3 Qc6 20. g5 b5 21. Rac1 c4 22. Bc2 e5 23. Qg4 Rfd8 24. f5 f6 25. h4 a5 26. Bb1 axb4 27. cxb4 Ra3 28. Bc3 Ra4 29. Rd5 Qb6+ 30. Kg2 Bxb4 31. Bxb4 Rxb4 32. Rcd1 Rb2+ 33. Kh3 Qf2 34. Qg3 Qxg3+ 35. Kxg3 c3 36. Bd3 c2 37. Rc1 Kf8 38. Rxc2 Rxc2 39. Bxc2 b4 40. Ba4 Ke7 41. Ra5 Nb6 42. Ra7+ Kd6 43. Bb3 Rd7 44. Rxd7+ Nxd7 45. Bg8 Nc5 46. Kf3 h6 47. gxh6 gxh6 48. Bd5 Nd3 49. Bc4 Nf4 50. Bf1 Kc6 51. Ke3 Kc5 52. Ba6 Ng2+ 53. Kf2 Nf4 54. Ke3 Kb6 55. Bc4 Ka5 56. Kf3 Ka4 1/2-1/2

[Event "Tampere Elo Taraus op"]
[Site "Tampere"]
[Date "1998.??.??"]
[Round "2"]
[White "Agopov, Mikael"]
[Black "Lehtinen, Antti"]
[Result "1-0"]
[WhiteElo "2330"]
[BlackElo "2160"]
[PlyCount "95"]
[EventDate "1998.??.??"]
[EventType "swiss"]
[EventRounds "9"]
[EventCountry "FIN"]
[SourceTitle "EXT 1999"]
[Source "ChessBase"]
[SourceDate "1998.11.16"]
[SourceVersion "1"]
[SourceVersionDate "1998.11.16"]
[SourceQuality "1"]

1. Nf3 d6 2. c4 g6 3. Nc3 Bg7 4. d4 e5 5. e4 Nc6 6. d5 Nce7 7. Be2 f5 8. Ng5 Nf6 9. f3 h6 10. Ne6 Bxe6 11. dxe6 f4 12. b3 Nc6 13. Nd5 Nd4 14. e7 Qd7 15. Bb2 Nxd5 16. exd5 Nf5 17. Bd3 Qxe7 18. Qe2 Qh4+ 19. Kd2 0-0 20. Be4 Ne7 21. Kc2 c6 22. Rag1 cxd5 23. cxd5 Qf6 24. g4 Rfc8+ 25. Kb1 Rc5 26. Rc1 Rac8 27. Ba3 Rc3 28. Rxc3 Rxc3 29. Rc1 Rxc1+ 30. Kxc1 Bf8 31. Qb5 Qh4 32. Bxd6 Qe1+ 33. Kb2 Qd2+ 34. Ka3 Qc1+ 35. Ka4 Qd2 36. Ba3 Qxa2 37. d6 Nc6 38. Bxc6 bxc6 39. Qxe5 Qd2 40. Qe4 Kf7 41. Qxc6 Qd4+ 42. Qc4+ Qxc4+ 43. bxc4 Ke6 44. c5 Kd5 45. Kb5 h5 46. h3 hxg4 47. hxg4 g5 48. Ka6 1-0